वैष्णव आगमों में वैष्णवी भक्ति के विविध आयाम (Record no. 1435474)
[ view plain ]
| 000 -LEADER | |
|---|---|
| fixed length control field | 01117 a2200253 4500 |
| 005 - DATE AND TIME OF LATEST TRANSACTION | |
| control field | 20251209132408.0 |
| 008 - FIXED-LENGTH DATA ELEMENTS--GENERAL INFORMATION | |
| fixed length control field | 251209b |||||||| |||| 00| 0 eng d |
| 020 ## - INTERNATIONAL STANDARD BOOK NUMBER | |
| International Standard Book Number | 9789381843505 (hbk) |
| 037 ## - SOURCE OF ACQUISITION | |
| Terms of availability | TB |
| 040 ## - CATALOGING SOURCE | |
| Original cataloging agency | CRL |
| Transcribing agency | CRL |
| 041 ## - LANGUAGE CODE | |
| Source of code | hin |
| Language code of text/sound track or separate title | hin |
| 084 ## - COLON CLASSIFICATION NUMBER | |
| Classification number | Q22:23 152R4 |
| Assigning agency | CRL |
| 100 ## - MAIN ENTRY--PERSONAL NAME | |
| Personal name | मिश्र, शिवम कुमार |
| 9 (RLIN) | 821385 |
| 245 ## - TITLE STATEMENT | |
| Title | वैष्णव आगमों में वैष्णवी भक्ति के विविध आयाम |
| 260 ## - PUBLICATION, DISTRIBUTION, ETC. | |
| Place of publication, distribution, etc. | दिल्ली, भारत: |
| Name of publisher, distributor, etc. | स्वाति पब्लिकेशन्स, |
| Date of publication, distribution, etc. | 2024. |
| 300 ## - PHYSICAL DESCRIPTION | |
| Extent | 307पृ. |
| 365 ## - TRADE PRICE | |
| Price amount | 1950.00 |
| Currency code | INR |
| 546 ## - LANGUAGE NOTE | |
| Language note | Translated from Sanskrit to Hindi |
| 650 ## - SUBJECT ADDED ENTRY--TOPICAL TERM | |
| Topical term or geographic name entry element | धर्म |
| 9 (RLIN) | 855525 |
| 650 ## - SUBJECT ADDED ENTRY--TOPICAL TERM | |
| Topical term or geographic name entry element | हिन्दू धर्म |
| 9 (RLIN) | 855526 |
| 650 ## - SUBJECT ADDED ENTRY--TOPICAL TERM | |
| Topical term or geographic name entry element | वैष्णव |
| 9 (RLIN) | 855527 |
| 942 ## - ADDED ENTRY ELEMENTS (KOHA) | |
| Koha item type | Textbook |
| Source of classification or shelving scheme | Colon Classification (CC) |
| Suppress in OPAC | No |
| Classification part | Q22:23 152R4 |
| Withdrawn status | Lost status | Source of classification or shelving scheme | Damaged status | Not for loan | Home library | Current library | Date acquired | Source of acquisition | Cost, normal purchase price | Inventory number | Total Checkouts | Full call number | Barcode | Date last seen | Cost, replacement price | Price effective from | Koha item type |
|---|---|---|---|---|---|---|---|---|---|---|---|---|---|---|---|---|---|
| Colon Classification (CC) | Central Library | Central Library | 2025-10-03 | 25/ ईस्टर्न बुक लिंकर्स | 1560.00 | 39 & 2025-10-01 | Q22:23 152R4 | CL1923723 | 2025-10-03 | 1950.00 | 2025-10-03 | Textbook |
